000 nam a22 7a 4500
999 _c8213
_d8213
008 171212b xxu||||| |||| 00| 0 eng d
100 _aJacobson.M.V.
_94640
245 _aCode Book-C
260 _bJ.B.Com
_c2001